Statistics for Countries in COD BO1 Campaign

Click here to take the quiz!

General Stats

  • This quiz has been taken 12 times
  • The average score is 6 of 14

Answer Stats

HintAnswer% Correct
VorkutaRussia SSR
100%
Operation 40Cuba
88%
WMDRussia SSR
63%
_._.D.DUnited States
63%
S.O.GSouth Vietnam
50%
The DefectorSouth Vietnam
50%
Victor CharlieSouth Vietnam
50%
RevelationsUnited States
50%
Crash SiteLaos
38%
PaybackLaos
25%
NumbersUK/Hong Kong
25%
Project NovaCanada
13%
Executive OrderKazakh SSR
13%
RebirthUzbek SSR/Kazakh SSR
13%

Score Distribution

Percentile by Number Answered

Percent of People with Each Score

Your Score History

You have not taken this quiz